|
|
|
|
| LEADER |
01125nam a22002297i 4500 |
| 001 |
10079214 |
| 003 |
GR-PaULI |
| 005 |
20210117202104.0 |
| 008 |
090917s1981 gr f f gre |
| 040 |
|
|
|a GR-PaULI
|c GR-PaULI
|b gre
|
| 041 |
0 |
|
|a gre
|
| 082 |
1 |
4 |
|a 889.334
|2 23
|
| 100 |
1 |
|
|a Κουμανταρέας, Μένης,
|d 1931-2014
|e συγγραφέας
|9 6070
|
| 245 |
1 |
0 |
|a Σεραφείμ και Χερουβείμ /
|c Μένης Κουμανταρέας.
|
| 260 |
|
|
|a Αθήνα :
|b Κέδρος,
|c 1981.
|
| 300 |
|
|
|a 243 σ. ;
|c 21 εκ.
|
| 852 |
|
|
|a GR-PaULI
|b ΠΑΤΡΑ
|b ΦΙΛΟΛΟΓΙΑ
|k ΔΑΝΕΙΖ-6
|h 889.36 ΚΟΥ
|m 008570
|p 025000178064
|t 1
|
| 942 |
|
|
|2 ddc
|c BK15
|
| 952 |
|
|
|0 0
|1 0
|2 ddc
|4 0
|6 889_334000000000000_ΚΟΥ
|7 0
|9 82508
|a LISP
|b LISP
|c BSC
|d 2016-04-24
|i 008570
|l 0
|o 889.334 ΚΟΥ
|p 025000178064
|r 2016-04-24 00:00:00
|t 1
|y BK15
|x Μεταφορά Τμήματος Φιλολογίας
|
| 952 |
|
|
|0 0
|1 0
|2 ddc
|4 0
|6 889_334000000000000_ΚΟΥ
|7 0
|9 207091
|a LISP
|b LISP
|c DON
|d 2016-11-07
|e ΒΑΛ
|i 127532
|l 0
|o 889.334 ΚΟΥ
|p 025000245376
|r 2016-11-07 00:00:00
|t 2
|y BK15
|
| 998 |
|
|
|c ΣΑΤΛΑΝΗΣ
|d 2009-07
|
| 999 |
|
|
|c 55033
|d 55033
|